La nature morte (Record no. 7890)
[ view plain ]
| 000 -CABECERA | |
|---|---|
| campo de control de longitud fija | 00819nam a2200253 a 4500 |
| 001 - NÚMERO DE CONTROL | |
| campo de control | BRCA_8222 |
| 005 - FECHA Y HORA DE LA ÚLTIMA TRANSACCIÓN | |
| campo de control | 20190320210201.0 |
| 008 - DATOS DE LONGITUD FIJA--INFORMACIÓN GENERAL | |
| campo de control de longitud fija | 190514s1952----fr-a###f##---#000-0#fre-# |
| 041 ## - CÓDIGO DE LENGUA | |
| Código de lengua del texto/banda sonora o título independiente | fre |
| 044 ## - CÓDIGO DEL PAÍS DE LA ENTIDAD EDITORA/PRODUCTORA | |
| Código MARC del país | fr |
| 050 #4 - SIGNATURA TOPOGRÁFICA DE LA BIBLIOTECA DEL CONGRESO | |
| Número de clasificación | N7680 |
| Número de documento/Ítem | .N38 1952 |
| 245 10 - MENCIÓN DE TÍTULO | |
| Título | La nature morte |
| Resto del título | de l´antiquité a nos jours |
| Mención de responsabilidad, etc. | Préface de Amedeo Maiuri, introduction et catalogue par Charles Sterling. |
| 260 ## - PUBLICACIÓN, DISTRIBUCIÓN, ETC. | |
| Lugar de publicación, distribución, etc. | Francia |
| Nombre del editor, distribuidor, etc. | Musée Nationaux |
| Fecha de publicación, distribución, etc. | 1952 |
| 300 ## - DESCRIPCIÓN FÍSICA | |
| Extensión | XLVII, 151 p. |
| Otras características físicas | il., 48 láminas |
| Dimensiones | 18 cm. |
| 440 #0 - MENCIÓN DE SERIE/PUNTO DE ACCESO ADICIONAL--TÍTULO | |
| Título | Orangeries des tuileries |
| 9 (RLIN) | 20498 |
| 500 ## - NOTA GENERAL | |
| Nota general | T7 |
| 504 ## - NOTA DE BIBLIOGRAFÍA, ETC. | |
| Nota de bibliografía, etc. | Bibliografía p. XLIV-XLVII |
| 650 14 - PUNTO DE ACCESO ADICIONAL DE MATERIA--TÉRMINO DE MATERIA | |
| Término de materia o nombre geográfico como elemento de entrada | Naturaleza muerta |
| Subdivisión geográfica | Francia |
| 9 (RLIN) | 20499 |
| 650 14 - PUNTO DE ACCESO ADICIONAL DE MATERIA--TÉRMINO DE MATERIA | |
| Término de materia o nombre geográfico como elemento de entrada | Bodegón |
| Subdivisión de forma | Historia |
| Subdivisión geográfica | Francia |
| 9 (RLIN) | 20500 |
| 700 1# - PUNTO DE ACCESO ADICIONAL--NOMBRE DE PERSONA | |
| Nombre de persona | Maiuri, Amedeo |
| Término indicativo de función/relación | Pref. |
| 9 (RLIN) | 20501 |
| 700 1# - PUNTO DE ACCESO ADICIONAL--NOMBRE DE PERSONA | |
| Nombre de persona | Sterling, Charles |
| Término indicativo de función/relación | intr. |
| 9 (RLIN) | 14736 |
| 902 ## - CATALOGADOR | |
| Iniciales | GFM |
| 942 ## - ELEMENTOS DE PUNTO DE ACCESO ADICIONAL (KOHA) | |
| Fuente del sistema de clasificación o colocación | Library of Congress Classification |
| Tipo de ítem Koha | Libros |
| Estado de retiro | Estado de pérdida | Estado dañado | No para préstamo | Localización permanente | Ubicación/localización actual | Fecha de adquisición | Número de inventario | Total de préstamos | Signatura topográfica completa | Código de barras | Fecha visto por última vez | Precio válido a partir de | Tipo de ítem Koha |
|---|---|---|---|---|---|---|---|---|---|---|---|---|---|
| El ejemplar forma parte de la colección y puede ser consultado según las políticas vigentes. | Biblioteca del Museo Franz Mayer (Rogerio Casas-Alatriste) | Biblioteca del Museo Franz Mayer (Rogerio Casas-Alatriste) | 19/05/2014 | T7 | N7680 .N38 1952 (T7) | 8846 | 22/03/2019 | 22/03/2019 | Libros |